Score 0/37 Timer 08:00
1 Play Today
# of Performances Artist % Correct
40The Beatles
79%
23Michael Jackson
76.9%
33Elton John
59.5%
34Whitney Houston
59.5%
20The Rolling Stones
53.2%
13Mariah Carey
51.3%
33Elvis Presley
50.7%
23Aretha Franklin
42.3%
27Celine Dion
38.6%
49Stevie Wonder
38.1%
13Aerosmith
36.1%
17Queen
32.6%
11Billy Joel
31.9%
19Frank Sinatra
27.3%
15Diana Ross
25%
11Dolly Parton
21.9%
15Marvin Gaye
18.6%
12The Temptations
16.6%
16Bee Gees
16.2%
# of Performances Artist % Correct
10The Supremes
15.2%
14Phil Collins
14.3%
15Carole King
12.6%
11Heart
11.9%
10Alicia Keys
11.9%
10Neil Diamond
10.2%
14Martina McBride
8.6%
13Luther Vandross
7.7%
10Otis Redding
6.5%
10Judy Garland
6.4%
10Gladys Knight & The Pips
6%
11Creedence Clearwater Revival
5.8%
11Dionne Warwick
5.6%
11Gloria Estefan
5.5%
12Nat King Cole
5.1%
16LeAnn Rimes
4.8%
13Michael Bolton
4.8%
10Linda Ronstadt
2.2%
Remove Ads.
Support Sporcle.
Get the best of Sporcle when you Go Orange. This ad-free experience offers more features, more stats, and more fun while also helping to support Sporcle. Thank you for becoming a member.

You're not logged in!

Compare scores with friends on all Sporcle quizzes.
OR
Log In

Show Comments

Extras

Top Quizzes Today


Score Distribution

Your Account Isn't Verified!

In order to create a playlist on Sporcle, you need to verify the email address you used during registration. Go to your Sporcle Settings to finish the process.

Report this User

Report this user for behavior that violates our Community Guidelines.

Details: